Normal view
MARC view
Entry Personal Name
001 - CONTROL NUMBER
- control field: 40204
003 - CONTROL NUMBER IDENTIFIER
- control field: dpl
005 - DATE AND TIME OF LATEST TRANSACTION
- control field: 20120127111356.0
008 - FIXED-LENGTH DATA ELEMENTS
- fixed length control field: 120127|||a|||||| | ||| d
040 ## - CATALOGING SOURCE
- Original cataloging agency: dpl
- Transcribing agency: dpl
100 ## - HEADING--PERSONAL NAME
- Personal name: नारंग, प्रियंका
670 ## - SOURCE DATA FOUND
- Source citation: Work cat.: (dpl)28166: नारंग, प्रियंका , कम्प्यूटर शिक्षा :, 2006
670 ## - SOURCE DATA FOUND
- Source citation: Work cat.: (dpl)28166: नारंग, प्रियंका , कम्प्यूटर शिक्षा :, 2006
